000 01124nam a22002657a 4500
005 20150406120834.0
008 140714b xxu||||| |||| 00| 0 Urdu d
010 _aB-547959
020 _a9789350731208
_c250.00
035 _a B-547959
037 _bBPPD/Pub/Ven
037 _bPansy Books(Vender)/E.P.H.(Pub.)
040 _aDPL
_bUrdu
082 _a840
100 _aسيد عبد البا ر ی
245 _aتر ا و ش خيا ل: مجمو عہ مقا لا ت
_cسيد عبد البا ر ی
246 _aTaravish-e- Khayal
_bby Syed Abdul Bari
260 _aد ھلی
_bا يجو کيشنل پبليشنگ ہا ؤس
_c2013
260 _bPansy Books(Vender)
270 _a3108،و کيل اسٹر يٹ ،کو چہ پنڈ ت ،لال کنو ا ن
_bد ھلی
_e110006
_k23216162،23214465
270 _aR2,/66/A Somesh Vihar,Chhawala
_bNew Delhi
_e110071
_k01125317355
300 _a252ص
_c22Cm (Hb)
942 _2ddc
_cUR
_e
_h840
_mس ی د
999 _c92706
_d92706